Soja /
La producción de soja y algunos derivados adquirió gran importancia para la Argentina y el Brasil porque constituyen importantes productos de exportación y fuente de divisas generadas por el comercio exterior, pero también genera efectos no deseados.
Guardado en:
| Autor Principal: | |
|---|---|
| Autor Corporativo: | |
| Formato: | |
| Publicado: |
Argentina,
2009
|
| Series: | Horizontes. Ciencias Sociales
|
| Materias: | |
| Acceso en línea: | https://www.educ.ar/recursos/105907/soja |
| Etiquetas: |
Agregar Etiqueta
Sin Etiquetas, Sea el primero en etiquetar este registro!
|
| LEADER | 01300ngm a22003735g 4500 | ||
|---|---|---|---|
| 001 | CEM.cems023970 | ||
| 008 | 130507s2009##################0###0#####d | ||
| 005 | 20250718163239.0 | ||
| 245 | 1 | 0 | |a Soja / |c Juan Cruz Saenz. |
| 260 | |a Argentina, |c 2009 | ||
| 300 | |a 28'. | ||
| 490 | 0 | |a Horizontes. Ciencias Sociales | |
| 520 | |a La producción de soja y algunos derivados adquirió gran importancia para la Argentina y el Brasil porque constituyen importantes productos de exportación y fuente de divisas generadas por el comercio exterior, pero también genera efectos no deseados. | ||
| 500 | |a Consultar en ventanilla. | ||
| 538 | |a Soporte: DVD - Grabación DRD | ||
| 100 | 1 | |a Saenz, Juan Cruz | |
| 710 | 2 | |a Canal Encuentro. | |
| 082 | 3 | 0 | |/ SAE-4 |
| 653 | |a CIENCIAS SOCIALES | ||
| 653 | |a HORIZONTES | ||
| 653 | |a SOCIEDAD | ||
| 653 | |a ECONOMIA | ||
| 653 | |a PRODUCCION AGROPECUARIA | ||
| 653 | |a AGROINDUSTRIA | ||
| 653 | |a SOJA | ||
| 653 | |a SOJIZACION | ||
| 653 | |a PRODUCCION AGROPECUARIA | ||
| 653 | |a COMERCIO EXTERIOR | ||
| 653 | |a EXPORTACION | ||
| 653 | |a AGRICULTURA | ||
| 653 | |a DESERTIFICACION | ||
| 653 | |a SERIE DE TELEVISIÓN | ||
| 856 | |u https://www.educ.ar/recursos/105907/soja | ||
| 859 | |a CEMS |b BIB. CEMS - Depto. Recursos Didacticos |h 300 |i SAE-4 |k DRD |p 2613.15 |t Ej.1 | ||
